Patologické závislosti /

Hlavní autor: Pokorný, Vratislav
Další autoři: Telcová, Jana, 1963-, Tomko, Anton
Jazyk: Čeština
Vydáno: Brno : Ústav psychologického poradenství a diagnostiky, 2002
Vydání: 2. vyd.
Témata:
Fyzický popis: 194 s. : il.
Knihy
Uloženo v:
LEADER 01327nam a2200361 a 4500
001 000699116
003 CZ BrMZK
005 20091027144157.0
007 ta
008 031205s2002 xr a e 000 0 cze d
015 |a cnb001295089 
020 |a 80-86568-02-4  |q (brož.) 
035 |a (OCoLC)56856502 
040 |a BOA001  |b cze 
072 7 |a 613  |x Hygiena. Lidské zdraví  |2 Konspekt  |9 14 
080 |a 613.81/.84  |2 MRF 
080 |a (036)  |2 MRF 
080 |a 159.97  |2 MRF 
080 |a 616.89-008.48  |2 MRF 
100 1 |a Pokorný, Vratislav  |7 ola2003182092  |4 aut 
245 1 0 |a Patologické závislosti /  |c Vratislav Pokorný, Jana Telcová, Anton Tomko 
250 |a 2. vyd. 
260 |a Brno :  |b Ústav psychologického poradenství a diagnostiky,  |c 2002 
300 |a 194 s. :  |b il. 
650 0 7 |a patologické závislosti  |7 ph123998  |2 czenas 
650 0 7 |a drogová závislost  |7 ph117184  |2 czenas 
655 7 |a informační publikace  |7 fd132454  |2 czenas 
700 1 |a Telcová, Jana,  |d 1963-  |7 mzk2002148189  |4 aut 
700 1 |a Tomko, Anton  |7 xx0015867  |4 aut 
910 |a BOA001  |b 2-1127.261 
990 |a BK 
996 6 |b 2610209186  |c 2-1127.261  |l MZK  |r Sklad / do 1 hodiny  |n 17  |p p.v.  |w 000699116  |u 000010  |a 1  |e BOA001  |j MZK50  |s P 
996 7 |b 2610209187  |c 2-1127.261  |l Vol.výběr  |r VV 0p  |n 96  |p kup  |h 613.81/.84 POK  |w 000699116  |u 000020  |a 0  |e BOA001  |j MZK50  |s A